Study on the issue of forest and wildlife offend in pursat province, ការសិក្សាពីបទល្មើសព្រៃឈើ និងសត្វព្រៃក្នុងខេត្តពោធិ៍សាត់ (Record no. 3379)

000 -LEADER
fixed length control field 00600nam a22001577a 4500
003 - CONTROL NUMBER IDENTIFIER
control field OSt
005 - DATE AND TIME OF LATEST TRANSACTION
control field 20230313172400.0
008 - FIXED-LENGTH DATA ELEMENTS--GENERAL INFORMATION
fixed length control field 151112b xxu||||| |||| 00| 0 eng d
040 ## - CATALOGING SOURCE
Transcribing agency RUA
082 ## - DEWEY DECIMAL CLASSIFICATION NUMBER
Classification number FOR
Edition number LUY 2008 B135 Or.1
100 ## - MAIN ENTRY--PERSONAL NAME
9 (RLIN) 3628
Personal name LUY, RATTANA.
245 ## - TITLE STATEMENT
Title Study on the issue of forest and wildlife offend in pursat province, ការសិក្សាពីបទល្មើសព្រៃឈើ និងសត្វព្រៃក្នុងខេត្តពោធិ៍សាត់
260 ## - PUBLICATION, DISTRIBUTION, ETC. (IMPRINT)
Place of publication, distribution, etc. Phnom Penh
Name of publisher, distributor, etc. RUA
Date of publication, distribution, etc. 2008
300 ## - PHYSICAL DESCRIPTION
Extent xiii; 70p.
Other physical details ill.
Dimensions 29cm.
942 ## - ADDED ENTRY ELEMENTS (KOHA)
Source of classification or shelving scheme
Koha item type FOR
Holdings
Price effective from Date last seen Permanent Location Not for loan Date acquired Source of classification or shelving scheme Koha item type Lost status Withdrawn status Total Renewals Date last checked out Total Checkouts Shelving location Damaged status Barcode Current Location Full call number
2015-11-122023-02-14Library Block B 2015-11-12 FOR   2023-01-272B136 RUA028208Library Block BFOR LUY 2008 B136 Or.1
2015-11-122015-11-12Library Block B 2015-11-12 FOR     B136 RUA028062Library Block BFOR LUY 2008 B136 Or.2
2015-11-122015-11-12Library Block B 2015-11-12 FOR     B135 RUA028353Library Block BFOR LUY 2008 B135 Or.3
2015-11-122016-06-27Library Block B 2015-11-12 FOR   2016-06-132B135 RUA028425Library Block BFOR LUY 2008 B135 Or.4
2015-11-122015-11-12Library Block B 2015-11-12 FOR     B135 RUA028497Library Block BFOR LUY 2008 B135 Or.5
2015-11-162015-11-16Library Block B 2015-11-16 FOR     B135 RUA028263Library Block BFOR LUY 2008 B135 Or.6
2015-11-162019-06-25Library Block B 2015-11-16 FOR   2019-06-122B136 RUA43636Library Block BFOR LUY 2008 B136 Or.7
2015-11-162016-08-19Library Block B 2015-11-16 FOR   2016-08-122B135 RUA027475Library Block BFOR LUY 2008 B135 Or.8
2015-11-162018-01-03Library Block B 2015-11-16 FOR  22017-10-093B136 RUA027264Library Block BFOR LUY 2008 B136 Or.9
2015-11-162015-11-16Library Block B 2015-11-16 FOR     B135 RUA027337Library Block BFOR LUY 2008 B135 Or.10
មជ្ឈមណ្ឌលឯការនៃសាកលវិទ្យាល័យភូមិន្ទកសិកម្មចំការដូង

Powered by Koha